AH International Schools' Libraries

The caboose who got loose / (Record no. 50191)

MARC details
000 -LEADER
fixed length control field 00547nam a2200145 4500
020 ## - INTERNATIONAL STANDARD BOOK NUMBER
International Standard Book Number 9780395287156
Qualifying information pbk.
100 ## - MAIN ENTRY--PERSONAL NAME
Personal name Peet, Bill,
Relator term author.
245 14 - TITLE STATEMENT
Title The caboose who got loose /
Statement of responsibility, etc written and illustrated by Bill Peet.
260 ## - PUBLICATION, DISTRIBUTION, ETC. (IMPRINT)
Place of publication, distribution, etc Boston :
Name of publisher, distributor, etc Houghton Mifflin,
Date of publication, distribution, etc 1999.
300 ## - PHYSICAL DESCRIPTION
Extent 48 p. :
Other physical details col. ill. ;
Dimensions 25 cm.
520 ## - SUMMARY, ETC.
Summary, etc Tired of being last on the smoky, noisy freight train, Katy Caboose wishes for some way to escape from the endless track.
650 ## - SUBJECT ADDED ENTRY--TOPICAL TERM
Topical term or geographic name as entry element Stories in rhyme.
650 ## - SUBJECT ADDED ENTRY--TOPICAL TERM
Topical term or geographic name as entry element Railroad trains
Form subdivision Fiction.
942 ## - ADDED ENTRY ELEMENTS (KOHA)
Source of classification or shelving scheme
Koha item type Book
Holdings
Withdrawn status Lost status Source of classification or shelving scheme Damaged status Not for loan Home library Current library Date acquired Total Checkouts Full call number Barcode Date last seen Date checked out Price effective from Koha item type
          Logos International School Logos International School 02/23/2026 2 E PEE 040854 03/25/2026 03/11/2026 02/23/2026 Book

For any Logos Library related questions please contact Miss Art at swongnarasuk@asianhope.org.

For any Asian Hope Library related questions please contact Miss Raza at graza@asianhope.org.

Click here to explore our ebooks!

Powered by Koha